000 00421nam a22001697a 4500
003 MPLRDC
005 20220104144436.0
008 210129b ||||| |||| 00| 0 eng d
082 _a947.413 SZZC-2 v.5
100 _a手冢治虫
245 _a怪医秦博士. 五
_c
260 _a
_b创艺出版
_c
300 _b
490 _a科学幻想漫画
650 _a手冢治虫漫画
942 _cBK
_o947.413 SZZC-2 v.5
999 _c49652
_d49642